| 000 | 01399cam a2200385 a 4500 | ||
|---|---|---|---|
| 001 | EDZ0000104851 | ||
| 003 | StDuBDS | ||
| 005 | 20161031105113.0 | ||
| 006 | m||||||||d|||||||| | ||
| 007 | cr ||||||||||| | ||
| 008 | 121017s2010 enka fo| 001|0|eng|d | ||
| 020 |
_a9781446269190 (ebook) : _cNo price |
||
| 040 |
_aStDuBDS _beng _cStDuBDS _epn |
||
| 049 | _aAlfaisal Main Library | ||
| 050 | 0 |
_aHV6431 _b.G698 2010 |
|
| 082 | 0 | 4 |
_a364 _223 |
| 100 | 1 |
_aGrabosky, Peter N., _d1945- |
|
| 245 | 1 | 0 |
_aCrime and terrorism _h[electronic resource] / _cPeter Grabosky and Michael Stohl. |
| 260 |
_aLondon : _bSAGE, _c2010. |
||
| 300 |
_a1 online resource (146 p.) : _bill. |
||
| 490 | 1 | _aCompact criminology | |
| 520 | 8 | _aVeteran researchers Grabosky and Stohl draw on organised crime to illuminate the neglected terrain between terrorism and more ordinary forms of illegal behaviour. | |
| 521 | _aSpecialized. | ||
| 588 | _aDescription based on print version record. | ||
| 504 | _aIncludes bibliographical references and index. | ||
| 650 | 0 | _aCrime. | |
| 650 | 0 | _aTerrorism. | |
| 655 | 7 |
_aElectronic books. _2local |
|
| 700 | 1 |
_aStohl, Michael, _d1947- |
|
| 710 | 2 | _aSage eBooks | |
| 776 | 0 | 8 |
_iPrint version : _z9781849200325 |
| 830 | 0 | _aCompact criminology. | |
| 856 | 4 | 0 | _uhttp://ezproxy.alfaisal.edu/login?url=http://sk.sagepub.com/books/crime-and-terrorism |
| 942 |
_2lcc _cEBOOKS |
||
| 999 |
_c479383 _d479383 |
||